00513nam a2200169Ia 4500008004100000020001800041041000800059082001200067100001600079245004900095260002500144300000800169650001400177942000700191999001500198952013000213180314s9999 xx 000 0 und d a9788120340176 aeng a519 SAR aSarma,K.V.S 0aStatistics Made Simple: Do it yourself on PC aPHIbNew Delhic2010 a303 achemistry cBK c4489d4489 0010708Non-fictioaMLCampusbMLCampuscGENd2018-03-14l1o519 SARp007193r2025-06-02 12:07:08s2025-05-26w2018-03-14yBK